|
|
|
|
| LEADER |
00000nam0a2200000 4500 |
| 001 |
72705 |
| 005 |
20231101212647.0 |
| 035 |
|
|
|a (RuTPU)RU\TPU\book\77533
|
| 090 |
|
|
|a 72705
|
| 100 |
|
|
|a 20050128d1978 k y0rusy50 ca
|
| 101 |
0 |
|
|a rus
|
| 102 |
|
|
|a RU
|
| 105 |
|
|
|a a z 001zy
|
| 200 |
1 |
|
|a ЯМР в неорганических фторидах. Структура и химическая связь
|f С. П. Габуда, Ю. В. Гагаринский, С. А. Полищук
|
| 210 |
|
|
|a Москва
|c Атомиздат
|d 1978
|
| 215 |
|
|
|a 205 с.
|c ил.
|
| 320 |
|
|
|a Библиогр.: с. 193-199.
|
| 606 |
1 |
|
|a Фториды неорганические
|x Исследование методом ЯМР
|2 stltpush
|3 (RuTPU)RU\TPU\subj\16985
|9 42848
|
| 610 |
1 |
|
|a фториды
|
| 610 |
1 |
|
|a структура
|
| 610 |
1 |
|
|a химическая связь
|
| 610 |
1 |
|
|a ядерно-магнитный резонанс
|
| 675 |
|
|
|a 546.16
|v 3
|
| 700 |
|
1 |
|a Габуда
|b С. П.
|g Станислав Петрович
|
| 701 |
|
1 |
|a Гагаринский
|b Ю. В.
|g Юрий Владимирович
|
| 701 |
|
1 |
|a Полищук
|b С. А.
|g Светлана Антоновна
|
| 801 |
|
1 |
|a RU
|b 63413507
|c 20050128
|g PSBO
|
| 801 |
|
2 |
|a RU
|b 63413507
|c 20160120
|g PSBO
|
| 942 |
|
|
|c BK
|